Name Every Class of Animatronic FNAF - Statistics

General Stats
  • This quiz has been taken 61 times
  • The average score is 8 of 13
Answer Stats
Hint Answer % Correct
For the new and improved Freddy's Toy
96%
Hallucination of FNAF 4 Nightmare
89%
First version of FNAF 1 animatronics Withered
89%
Hallucinations at Fazbear's Fright Phantom
85%
Afton Robotics Funtime
77%
Main class of the Pizzaplex Glamrock
77%
Animatronics for the fake pizzeria Rockstar
70%
Can be worn by a human, or can act as an animatronics Springlock
70%
FNAF 1 Classic
53%
Poorly made animatronics Trash and the Gang
53%
Average Animatronics Mediocre Melodies
51%
A side gang of FFPS Posh Pizzeria
21%
Salvageable animatronics Scrapgang
9%
No matching quizzes found
Score Distribution
Percent of People with Each Score
Percentile by Number Answered
Your Score History
You have not taken this quiz